| 000 | 01075cam a22003015a 4500 | ||
|---|---|---|---|
| 001 | L157595 | ||
| 008 | 130129s2011 xxk f 000 0 eng d | ||
| 020 | _a9781848061859 | ||
| 035 | _a(Sirsi) u157595 | ||
| 041 | 0 | _aeng | |
| 100 | 1 | _aBlackmore, Paul | |
| 110 | 2 | _aBuilding Research Establishment | |
| 245 | 0 | 0 | _aWind microclimate around buildings |
| 260 |
_aWatford _bBRE _c2011 |
||
| 300 |
_a16p. _bill. _c30cm. |
||
| 490 | 0 |
_aBRE Digest _v520 |
|
| 500 | _aThis Digest replaces Digest 390 | ||
| 520 | _aExplains how tall buildings can deflect wind down towards the ground, producing potentially dangerous conditions for pedestrians. The digest brings together the latest information on wind environment around buildings to assist building designers, planners, developers and building control officers. | ||
| 521 | _aAdvanced | ||
| 590 | _aKA | ||
| 650 | 2 | 4 | _aWIND |
| 650 | 2 | 4 | _aMICROCLIMATE |
| 650 | 2 | 4 | _aTALL BUILDINGS |
| 650 | 2 | 4 | _aASSESSMENT OF PEDESTRIAN COMFORT |
| 651 | 4 | _aENGLAND AND WALES | |
| 690 | _aDesign and specification | ||
| 942 | _n0 | ||
| 999 |
_c114861 _d114861 |
||